| Поле | Инд. | ПП | Название | Значение |
|---|---|---|---|---|
| Тип записи | a | |||
| Библиографический уровень | m | |||
| 001 | Контрольный номер | b782a61d4d35456d8f1f79dc3eaa7c5a | ||
| 005 | Дата корректировки | 20210331171312.2 | ||
| 008 | Кодируемые данные | 210331s1987 ru |||||||||||000|||rus|d | ||
| 040 | a | Служба первич. каталог. | ЦГБ г. В. Луки | |
| b | Код языка каталог. | rus | ||
| 041 | 0_ | a | Код языка текста | rus |
| 084 | 2 | Источник индекса | rubbk | |
| a | Индекс другой классификации/Индекс ББК | 65.8 | ||
| 090 | x | Авторский знак | Н 30 | |
| j | Имя библиотеки | ЦГБ г. В. Луки | ||
| 097 | b | Оператор | КЕИ-р | |
| 245 | 10 | a | Заглавие | Народное хозяйство социалистических стран в 1986 году |
| 245 | 10 | b | Продолж. заглавия | сообщения статистических управлений |
| 260 | a | Место издания | Москва | |
| b | Издательство | Финансы и статистика | ||
| c | Дата издания | 1987 | ||
| 300 | a | Объем | 157 с. | |
| 650 | 14 | a | Основная рубрика | Экономика |
| 653 | 1_ | a | Ключевые слова | народное хозяйство |
| 901 | t | Тип документа | m |